Základní statistické tabulky
Salvato in:
| Autore principale: | |
|---|---|
| Ente Autore: | |
| Natura: | Libro |
| Lingua: | ceco |
| Pubblicazione: |
Praha
Státní pedagogické nakladatelství
1975
|
| Tags: |
Nessun Tag, puoi essere il primo ad aggiungerne!!
|
MARC
| LEADER | 00000nam a2200000 4500 | ||
|---|---|---|---|
| 001 | c120492 | ||
| 005 | 20190423074559.4 | ||
| 041 | 0 | |a cze | |
| 044 | |a CZ | ||
| 245 | 1 | 0 | |a Základní statistické tabulky |c Jiří Likeš |
| 264 | 1 | |a Praha |b Státní pedagogické nakladatelství |c 1975 | |
| 300 | |a 352 s. | ||
| 100 | 1 | |a Likeš, Jiří | |
| 710 | 2 | |a Vysoká škola ekonomická v Praze | |